Ideas number 31. (Record no. 15332)

000 -LEADER
fixed length control field 00601nam a2200193 a 4500
001 - CONTROL NUMBER
control field :::00013991$&:&@@
003 - CONTROL NUMBER IDENTIFIER
control field OkBaRHE
005 - DATE AND TIME OF LATEST TRANSACTION
control field 20100331122519.0
008 - FIXED-LENGTH DATA ELEMENTS--GENERAL INFORMATION
fixed length control field s1982 j 000 0 eng u
040 ## - CATALOGING SOURCE
Transcribing agency
100 1# - MAIN ENTRY--PERSONAL NAME
Personal name Rice, Wayne and Yaconelli, Mike,
245 10 - TITLE STATEMENT
Title Ideas number 31.
260 ## - PUBLICATION, DISTRIBUTION, ETC. (IMPRINT)
Place of publication, distribution, etc El Cajon, CA., :
Name of publisher, distributor, etc Youth Specialties, Inc.
Date of publication, distribution, etc 1982
300 ## - PHYSICAL DESCRIPTION
Extent 54 p. ;
Dimensions 28 cm.
650 ## - SUBJECT ADDED ENTRY--TOPICAL TERM
Topical term or geographic name as entry element Youth Ministry
700 ## - ADDED ENTRY--PERSONAL NAME
Personal name Yaconelli, Mike, Joint editor.
942 ## - ADDED ENTRY ELEMENTS (KOHA)
Source of classification or shelving scheme
Koha item type Books
Copies
Price effective from Withdrawn status Not for loan Lost status Permanent Location Full call number Damaged status Koha item type Shelving location Source of classification or shelving scheme Date last seen Barcode Date acquired Copy number
2010-04-14   RHEMA Bible Training CollegeBV 4447 .R53 V.31 BooksGeneral Stacks 2010-04-14139912010-04-141